[Event "Challenge"]
[Site "http://www.queenalice.com/game.php?id=1529317"]
[Date "2018.5.31"]
[Round "-"]
[White "korchnoi"]
[Black "blackwolf"]
[Result "1-0"]
[WhiteElo "1752"]
[BlackElo "1906"]

1. d4 d5 2. Nc3 Nf6 3. e3 e6 4. Nf3 Bb4 5. Bd2 O-O 6. a3 Bxc3 7. Bxc3 Nc6 8. Bd3
Bd7 9. O-O a5 10. Re1 Rb8 11. Rb1 b5 12. b3 b4 13. axb4 axb4 14. Bb2 Na7 15. Ne5
Bb5 16. Bxb5 Rxb5 17. Qd3 Rb8 18. Qa6 Nc8 19. Nc6 Rb6 20. Qxb6 Nxb6 21. Nxd8
Rxd8 22. f3 Nfd7 23. Ra1 Rc8 24. e4 c5 25. exd5 Nxd5 26. Ra7 N7f6 27. Rea1 Kf8
28. Ra8 Re8 29. Rxe8+ Nxe8 30. dxc5 f5 31. Be5 g6 32. Ra8 Nb6 33. cxb6 1-0

[Event "Challenge"]
[Site "http://www.queenalice.com/game.php?id=1529769"]
[Date "2018.6.4"]
[Round "-"]
[White "Guilhermerocha"]
[Black "blackwolf"]
[Result "0-1"]
[WhiteElo "1690"]
[BlackElo "1859"]

1. e4 e5 2. a3 Nf6 3. Nc3 Bc5 4. Bd3 O-O 5. b4 Bb6 6. Bb2 d6 7. Nf3 Bg4 8. h3
Bh5 9. g4 Bg6 10. g5 Nh5 11. Nh4 Nf4 12. Nxg6 Nxd3+ 13. cxd3 fxg6 14. Nd5 Qxg5
15. Qg4 Qxg4 16. hxg4 Rf7 17. Nxb6 axb6 18. d4 Nd7 19. O-O Raf8 20. Rac1 c6 21.
Rc3 exd4 22. Rc4 Ne5 23. Rxd4 Nf3+ 24. Kg2 Nxd4 25. Bxd4 c5 26. Be3 Re7 27. d3
Ree8 28. f4 Ra8 29. Ra1 Ra4 30. e5 Re8 31. d4 cxb4 32. d5 Rxa3 33. Re1 b3 34.
Bxb6 Ra2+ 35. Kh3 b2 36. Rb1 dxe5 37. d6 Ra3+ 38. Kh4 Rb3 39. fxe5 Rxb6 40. d7
Rb8 41. e6 Rxe6 42. Rxb2 Rd6 0-1

[Event "Challenge"]
[Site "http://www.queenalice.com/game.php?id=1529771"]
[Date "2018.6.4"]
[Round "-"]
[White "blackwolf"]
[Black "Guilhermerocha"]
[Result "0-1"]
[WhiteElo "1884"]
[BlackElo "1662"]

1. d4 c5 2. e3 Nc6 3. Nf3 g6 4. Bb5 d5 5. O-O Bg7 6. Nc3 Bg4 7. h3 Bxf3 8. Qxf3
cxd4 9. exd4 Bxd4 10. Nxd5 Qa5 11. Bxc6+ bxc6 12. Bd2 Qxd5 13. Qxd5 cxd5 14. c3
Bf6 15. Be3 e5 16. Rfe1 Ne7 17. Rad1 O-O 18. Bc5 e4 19. Bxe7 Bxe7 20. Rxd5 Rad8
21. Rxd8 Rxd8 22. Kf1 Rd2 23. Rb1 f5 24. a3 Bc5 0-1

[Event "Challenge"]
[Site "http://www.queenalice.com/game.php?id=1529831"]
[Date "2018.6.5"]
[Round "-"]
[White "jgfmelo"]
[Black "blackwolf"]
[Result "0-1"]
[WhiteElo "1895"]
[BlackElo "1846"]

1. e4 e5 2. Nf3 Nf6 3. d3 Nc6 4. Bg5 Be7 5. Nc3 O-O 6. Qd2 d6 7. Bh6 gxh6 8.
Qxh6 Ng4 9. Qh5 Nf6 10. Qg5+ Kh8 11. Qh6 Ng4 12. Qh5 Rg8 13. Nd5 Nf6 14. Nxf6
Bxf6 15. h4 Bg4 16. Qh6 Bxf3 17. gxf3 Nd4 18. O-O-O Nxf3 19. Be2 Nxh4 20. Rh3
Rg6 21. Qh5 Qg8 22. Rxh4 Bg5+ 23. f4 Bxh4 24. Qxh4 Qg7 25. Kd2 Rg8 26. Kc3 exf4+
27. d4 Rg3+ 28. Bd3 f3 29. Qe7 f6 30. Qe6 Rg2 31. Qd5 f2 32. Rh1 Rg1 33. Rh3
f1=Q 34. Bxf1 Rxf1 35. Qxb7 Qd7 36. Rd3 a5 37. b3 Rfg1 38. Kb2 Qc8 39. Qb5 R1g5
40. d5 Qa8 41. Rc3 R5g7 42. Rc6 a4 43. Ra6 a3+ 44. Rxa3 Qb8 45. Qf1 Rg6 46. Ra6
Qe8 47. Qf5 Qe5+ 48. Qxe5 fxe5 49. Rc6 R6g7 50. a4 h5 51. c4 h4 52. c5 dxc5 53.
Rxc5 h3 54. Rc1 h2 55. a5 Rh7 56. Rh1 Rg1 57. Rxh2 Rxh2+ 58. Kc3 Rd1 59. Kc4
Rc2+ 60. Kb5 Rb1 61. b4 Kg7 62. a6 Ra1 63. d6 cxd6 64. Kb6 Kf7 65. b5 Ke6 66.
Kb7 Rb2 67. b6 d5 68. exd5+ Kxd5 69. a7 e4 70. a8=Q Rxa8 71. Kxa8 Rxb6 72. Ka7
Rb1 73. Ka6 Kc5 74. Ka7 Kc6 0-1

[Event "Challenge"]
[Site "http://www.queenalice.com/game.php?id=1531505"]
[Date "2018.6.16"]
[Round "-"]
[White "Guilhermerocha"]
[Black "blackwolf"]
[Result "1-0"]
[WhiteElo "1719"]
[BlackElo "1868"]

1. a3 e5 2. b4 d5 3. Bb2 Bd6 4. d3 Nf6 5. e3 O-O 6. Nf3 Bg4 7. h3 Bxf3 8. Qxf3
Nbd7 9. g4 e4 10. dxe4 dxe4 11. Qg2 Re8 12. g5 Nd5 13. Bc4 N7b6 14. g6 Nxc4 15.
gxh7+ 1-0

[Event "Challenge"]
[Site "http://www.queenalice.com/game.php?id=1531506"]
[Date "2018.6.16"]
[Round "-"]
[White "blackwolf"]
[Black "Guilhermerocha"]
[Result "1-0"]
[WhiteElo "1864"]
[BlackElo "1633"]

1. d4 c5 2. Nf3 Nc6 3. e3 g6 4. Nc3 Qa5 5. Bd2 Qb6 6. Rb1 cxd4 7. Nxd4 Nxd4 8.
exd4 Qxd4 9. Be3 Qxd1+ 10. Rxd1 Bg7 11. Bb5 Bxc3+ 12. bxc3 Nf6 13. O-O O-O 14.
Rfe1 a6 15. Bc4 b5 16. Bd5 Nxd5 17. Rxd5 h5 18. Rd3 e5 19. Bh6 Re8 20. f4 e4 21.
Rde3 d5 22. Bg5 Bf5 23. Bf6 Re6 24. Bd4 Rc8 25. h3 Kh7 26. a3 a5 27. h4 f6 28.
g3 Rg8 29. Rb1 b4 30. cxb4 axb4 31. axb4 g5 32. Kh2 gxf4 33. gxf4 Rg4 34. b5
Rxf4 35. b6 Rf2+ 36. Kg1 Rxc2 37. b7 Re7 38. b8=Q Rg7+ 39. Rg3 Bg4 40. Bxf6 Rf7
41. Qh8+ Kg6 42. Bg5 Rh7 43. Rb6+ Kf5 44. Qxh7+ Ke5 45. Qg7+ 1-0

[Event "Challenge"]
[Site "http://www.queenalice.com/game.php?id=1533092"]
[Date "2018.6.30"]
[Round "-"]
[White "jgfmelo"]
[Black "blackwolf"]
[Result "0-1"]
[WhiteElo "1949"]
[BlackElo "1855"]

1. Nc3 c5 2. Nf3 Nf6 3. e4 d6 4. d4 b6 5. d5 g6 6. Bg5 Bg7 7. Bb5+ Bd7 8. Qe2
O-O 9. h4 Bxb5 10. Nxb5 a6 11. Nc3 b5 12. h5 Nxh5 13. g4 Nf6 14. Qe3 Qa5 15. Kf1
Nbd7 16. Bh6 Bxh6 17. Qxh6 Kh8 18. g5 b4 19. gxf6 Nxf6 20. Ne2 Rg8 21. Ng5 Rg7
22. f3 Nh5 23. Kf2 Qd8 24. Ng3 Nxg3 25. Kxg3 Qg8 26. f4 a5 27. Rh2 a4 28. Rah1
c4 29. Qxh7+ Rxh7 30. Rxh7+ Qxh7 31. Rxh7+ Kg8 32. Rxf7 b3 33. cxb3 a3 34. bxa3
c3 35. Rxe7 Rc8 36. Re6 c2 37. Rxg6+ Kf8 38. Rxd6 c1=Q 39. Kg4 Qxa3 40. Rf6+ Ke7
41. Kf5 Rf8 42. d6+ Qxd6 43. e5 Rxf6+ 44. exf6+ Qxf6+ 45. Kg4 Qb2 46. f5 Qxa2
47. b4 Qc4+ 48. Kh5 Qxb4 49. Nh7 Kf7 50. Kg5 Kg7 51. Nf6 Qd2+ 52. Kg4 Kxf6 53.
Kf3 Kxf5 54. Kg3 Qf4+ 55. Kg2 Qe3 56. Kh1 Qd2 57. Kg1 Kf4 58. Kf1 Kg3 0-1

[Event "Challenge"]
[Site "http://www.queenalice.com/game.php?id=1538596"]
[Date "2018.8.12"]
[Round "-"]
[White "jgfmelo"]
[Black "blackwolf"]
[Result "1-0"]
[WhiteElo "1883"]
[BlackElo "1875"]

1. e4 e5 2. Nf3 Nf6 3. d3 Nc6 4. Bg5 Be7 5. Nc3 O-O 6. h4 d6 7. d4 a6 8. Nd2
Nxd4 9. Ne2 Ne6 10. f4 Nxg5 11. fxg5 Nh5 12. Nc3 Nf4 13. g3 Ne6 14. Nf3 b5 15.
Qd5 Rb8 16. Bg2 Bb7 17. Qd2 Nc5 18. Ng1 Ne6 19. Bh3 Nc5 20. Bg2 Ne6 21. Bf3 Nd4
22. Nce2 Nxf3+ 23. Nxf3 Bxe4 24. Neg1 Bxf3 25. Nxf3 f6 26. O-O-O Qe8 27. g4 Qf7
28. b3 d5 29. Kb2 d4 30. h5 c5 31. g6 hxg6 32. h6 gxh6 33. Rxh6 Qg7 34. Rdh1 Kf7
35. Rh7 Rh8 36. Rxg7+ Kxg7 37. Rxh8 Rxh8 38. Qa5 Rh3 39. Qc7 Kf7 40. Nd2 Rh8 41.
Ne4 Rd8 42. Nxc5 Ke8 43. Ne4 Rd7 44. Qc8+ Rd8 45. Qxa6 b4 46. Nxf6+ Bxf6 47.
Qxf6 e4 48. Qxg6+ Kf8 49. Qxe4 Kg8 50. Qe7 1-0

[Event "Challenge"]
[Site "http://www.queenalice.com/game.php?id=1542623"]
[Date "2018.9.17"]
[Round "-"]
[White "blackwolf"]
[Black "Cateesalta"]
[Result "0-1"]
[WhiteElo "1864"]
[BlackElo "1831"]

1. d4 d5 2. c4 Nf6 3. Nc3 c6 4. Bf4 Nbd7 5. Nf3 dxc4 6. e3 b5 7. Be2 Nh5 8. Bg5
g6 9. O-O Qc7 10. Nh4 Nhf6 11. Bf3 Bb7 12. g3 Nd5 13. Nxd5 cxd5 14. Re1 e6 15.
e4 dxe4 16. Bxe4 Bxe4 17. Rxe4 Bg7 18. Rb1 Nb6 19. Bf4 Qb7 20. d5 Nxd5 21. Be5
O-O 22. Bxg7 Kxg7 23. Rd4 Rad8 24. Qd2 Qb6 25. Rd1 Rc8 26. Ng2 b4 27. Ne3 Nxe3
28. fxe3 c3 29. bxc3 bxc3 30. Qc2 e5 31. R4d3 Qa5 32. Rc1 Rfd8 33. Rxc3 Rxc3 34.
Qxc3 Qxc3 35. Rxc3 Rd1+ 36. Kg2 Rd2+ 37. Kh3 Rxa2 38. Rc5 e4 39. Re5 Ra4 40. g4
Rb4 41. g5 a6 42. Kg3 Rb5 43. Rxb5 axb5 44. Kf2 f6 45. gxf6+ Kxf6 46. Ke2 Ke5
47. Kd2 Kd5 48. Kc3 Kc5 49. h4 h5 50. Kb3 b4 51. Kb2 Kc4 52. Kc2 b3+ 53. Kb2 Kd3
54. Kxb3 Kxe3 0-1

[Event "Challenge"]
[Site "http://www.queenalice.com/game.php?id=1542624"]
[Date "2018.9.17"]
[Round "-"]
[White "Cateesalta"]
[Black "blackwolf"]
[Result "1-0"]
[WhiteElo "1848"]
[BlackElo "1847"]

1. e4 e5 2. Nf3 Nf6 3. Nc3 Bb4 4. Nxe5 d6 5. Nd3 Bxc3 6. dxc3 Nxe4 7. Qe2 Qe7 8.
f3 Nf6 9. Qxe7+ Kxe7 10. Bg5 Nd7 11. O-O-O Re8 12. Nb4 Kf8 13. Bd3 h6 14. Bxf6
Nxf6 15. a3 Be6 16. Rhe1 a5 17. Bb5 Bd7 18. Bxd7 Nxd7 19. Nd5 Rac8 20. Rxe8+
Kxe8 21. Re1+ Kf8 22. g4 Ne5 23. Rf1 Re8 24. Nxc7 Re7 25. Nd5 Re8 26. h3 Nc4 27.
a4 Ne3 28. Nxe3 Rxe3 29. Kd2 Re7 30. c4 b6 31. c3 g6 32. b4 f6 33. f4 Kf7 34.
Kd3 Ke8 35. Rf3 Kd7 36. Re3 Re6 37. Rxe6 Kxe6 38. Ke3 f5 39. g5 hxg5 40. fxg5
Ke5 41. bxa5 bxa5 42. Kf3 f4 43. h4 Kf5 44. h5 gxh5 45. g6 Kxg6 46. Kxf4 Kh6 47.
Kf5 h4 48. Kg4 h3 49. Kxh3 Kg5 50. Kg3 Kf6 51. Kf4 Ke7 52. Ke4 Kd7 53. Kd5 Kc7
54. c5 Kd7 55. cxd6 Kd8 56. c4 Kd7 57. c5 Kd8 58. Kc6 Kc8 59. Kb5 Kd7 60. Kb6
1-0

[Event "Challenge"]
[Site "http://www.queenalice.com/game.php?id=1542862"]
[Date "2018.9.19"]
[Round "-"]
[White "blackwolf"]
[Black "LYUSS"]
[Result "1-0"]
[WhiteElo "1844"]
[BlackElo "1773"]

1. d4 d5 2. c4 c5 3. Nf3 Nf6 4. Nc3 Na6 5. a3 e6 6. Bg5 Be7 7. e3 cxd4 8. exd4
h6 9. Bh4 g5 10. Bg3 Bd7 11. Bd3 dxc4 12. Bxc4 Rc8 13. Bxa6 bxa6 14. O-O Ng4 15.
Ne5 Nxe5 16. dxe5 h5 17. h3 h4 18. Bh2 f5 19. Rc1 g4 20. Qd3 Rc5 21. b4 Rc7 22.
Qxa6 Bg5 23. Rcd1 Qa8 24. Nd5 Rc6 25. Nb6 Rxb6 26. Qd3 Bc6 27. hxg4 Bxg2 28.
Rfe1 Bf3 29. Qd7+ Kf8 30. Rd6 Bh1 31. f3 Rxd6 32. Qxd6+ Be7 33. Qxe6 Qxf3 34.
Qc8+ Kg7 35. Qc2 Rc8 36. Qb2 Rc3 37. gxf5 Bd8 38. Bf4 Qg4+ 39. Kxh1 Rh3+ 40. Bh2
Qf3+ 41. Qg2+ Qxg2+ 42. Kxg2 Rxa3 43. Re4 h3+ 44. Kh1 Ra1+ 45. Bg1 Bb6 46. Rg4+
Kf7 47. Kh2 Rf1 48. Bxb6 axb6 49. Kxh3 Rxf5 50. Re4 Ke6 51. Rc4 Kd5 52. Rg4 Rxe5
53. Rg3 Kd4 54. Rg1 Re3+ 55. Kh2 Rb3 56. Rg4+ Ke5 57. Rg5+ Kf4 58. Rb5 Rb2+ 59.
Kh3 Rb3+ 60. Kh4 Rb1 61. Kh5 Rh1+ 62. Kg6 1-0

[Event "Challenge"]
[Site "http://www.queenalice.com/game.php?id=1542863"]
[Date "2018.9.19"]
[Round "-"]
[White "LYUSS"]
[Black "blackwolf"]
[Result "0-1"]
[WhiteElo "1759"]
[BlackElo "1831"]

1. e4 e5 2. Nc3 g6 3. b3 Bg7 4. Nf3 d6 5. d4 Bg4 6. Be2 Nf6 7. h3 Bxf3 8. Bxf3
O-O 9. Be3 Nbd7 10. d5 Nb6 11. g4 Nfd7 12. h4 c6 13. h5 Qc7 14. Nb5 cxb5 15. h6
Bh8 16. a4 bxa4 17. bxa4 Nc4 18. Bg5 Bf6 19. Bxf6 Nxf6 20. Rb1 b6 21. g5 Nd7 22.
Rb3 Na5 23. Rd3 Nc4 24. Qa1 Nc5 25. Rc3 Na5 26. Bg2 Qe7 27. Rf3 Qxg5 28. Bf1 Qg4
29. Rhh3 Qxe4+ 30. Re3 Qb4+ 31. Kd1 Nxa4 32. Rhf3 Nc5 33. Rxe5 dxe5 34. Qxe5
Qb1+ 35. Ke2 Qxc2+ 36. Ke1 Rfe8 37. Re3 Rxe5 38. Re2 Qc1# 0-1

[Event "Challenge"]
[Site "http://www.queenalice.com/game.php?id=1544373"]
[Date "2018.10.1"]
[Round "-"]
[White "WLAO"]
[Black "blackwolf"]
[Result "0-1"]
[WhiteElo "1594"]
[BlackElo "1859"]

1. b3 e5 2. d4 exd4 3. Qxd4 Nc6 4. Qe3+ Be7 5. Bb2 Nf6 6. Bxf6 gxf6 7. g3 d6 8.
Bg2 Qd7 9. Nf3 Qe6 10. Qh6 Bd7 11. Qg7 O-O-O 12. O-O Rdg8 13. Qh6 Ne5 14. Qe3
Nxf3+ 15. Qxf3 Bc6 16. Qf4 Bxg2 17. Kxg2 Qxe2 18. Nc3 Qe5 19. Qxe5 fxe5 20. Nd5
Kd8 21. c4 c6 22. Nxe7 Kxe7 23. a3 b6 24. b4 a6 25. a4 Rg4 26. h3 Rxc4 27. Rfb1
Rg8 28. b5 cxb5 29. axb5 a5 30. Rc1 Rgc8 31. Rxc4 Rxc4 32. h4 Rb4 33. Rc1 Rxb5
34. Rc7+ Ke6 35. Rc8 a4 36. Re8+ Kd7 37. Rf8 Ke7 38. Ra8 Ra5 39. Rb8 b5 40. Rb7+
Ke6 41. Rb8 a3 42. Re8+ Kf6 43. Rd8 Ra6 44. Rh8 Kg7 45. Rb8 a2 46. Rxb5 a1=Q 47.
Rb3 Qd1 48. Rf3 Ra1 49. Rf5 Qh1# 0-1

[Event "Challenge"]
[Site "http://www.queenalice.com/game.php?id=1557876"]
[Date "2019.1.24"]
[Round "-"]
[White "blackwolf"]
[Black "Patrick_1977"]
[Result "1/2-1/2"]
[WhiteElo "1857"]
[BlackElo "1767"]

1. d4 d5 2. c4 c6 3. Nf3 Nf6 4. g3 Bf5 5. Bg2 e6 6. O-O Be7 7. Nc3 h6 8. b3 Bb4
9. Bb2 O-O 10. a3 Ba5 11. b4 Bc7 12. c5 Re8 13. Re1 Nbd7 14. Nh4 Bh7 15. e4 dxe4
16. Nxe4 Nxe4 17. Bxe4 Bxe4 18. Rxe4 Nf6 19. Re1 Qd5 20. Qf3 Qc4 21. Qc3 Qd5 22.
Ng2 Ne4 23. Qe3 Nf6 24. Qc3 a6 25. Ne3 Qf3 26. Nf1 Qd5 27. Ne3 Qf3 28. Ng2 Qd5
29. Ne3 1/2-1/2

[Event "Challenge"]
[Site "http://www.queenalice.com/game.php?id=1557877"]
[Date "2019.1.24"]
[Round "-"]
[White "Patrick_1977"]
[Black "blackwolf"]
[Result "1-0"]
[WhiteElo "1761"]
[BlackElo "1853"]

1. e4 e5 2. Nf3 Nf6 3. Nc3 Nc6 4. Bc4 Be7 5. d3 O-O 6. a3 d6 7. h3 Na5 8. Ba2
Bd7 9. O-O Qc8 10. Re1 Be6 11. Bxe6 Qxe6 12. Nb5 Qd7 13. Nc3 Nc6 14. Be3 d5 15.
exd5 Nxd5 16. Nxd5 Qxd5 17. c3 Qd8 18. d4 Bf6 19. Qb3 Rb8 20. Rad1 Qe7 21. dxe5
Bxe5 22. Nxe5 Nxe5 23. Bxa7 Rbc8 24. Qxb7 Qg5 25. Bd4 Rb8 26. Qxc7 Nf3+ 27. Kf1
Nxe1 28. Rxe1 Qg6 29. b4 Qd3+ 30. Kg1 Qd2 31. Rf1 Ra8 32. Qg3 Qh6 33. Be3 Qg6
34. Qc7 Rxa3 35. b5 Raa8 36. b6 Rab8 37. Ra1 Qe4 38. Rc1 Qb7 39. Qg3 Qc6 40. Bd4
Qg6 41. Rb1 Qxg3 42. fxg3 f6 43. c4 Rfc8 44. c5 Rc6 45. Ra1 Rcc8 46. Rc1 Kf7 47.
c6 Ke6 48. c7 Rb7 49. Ra1 Kd5 50. Bf2 Ke6 51. Rd1 Ke7 52. Bc5+ Ke8 53. Re1+ Kf7
54. Re7+ Kg6 55. Rd7 1-0

[Event "Challenge"]
[Site "http://www.queenalice.com/game.php?id=1566638"]
[Date "2019.4.4"]
[Round "-"]
[White "blackwolf"]
[Black "linmatheus"]
[Result "1-0"]
[WhiteElo "1842"]
[BlackElo "1659"]

1. d4 d5 2. c4 e6 3. Nf3 Nf6 4. Bg5 Be7 5. e3 Nbd7 6. Nc3 c6 7. Be2 Ne4 8. Bxe7
Qxe7 9. O-O O-O 10. Nd2 Nxc3 11. bxc3 Nf6 12. Nf3 Ne4 13. Qc1 f6 14. Nd2 e5 15.
Bf3 exd4 16. cxd4 Bf5 17. c5 Rae8 18. Nb3 Ng5 19. Be2 Be4 20. Qa3 Qf7 21. Qxa7
Nh3+ 22. gxh3 Qg6+ 23. Bg4 f5 24. f3 fxg4 25. fxg4 Rxf1+ 26. Rxf1 1-0

[Event "Challenge"]
[Site "http://www.queenalice.com/game.php?id=1566639"]
[Date "2019.4.4"]
[Round "-"]
[White "linmatheus"]
[Black "blackwolf"]
[Result "0-1"]
[WhiteElo "1668"]
[BlackElo "1833"]

1. e4 e5 2. Bc4 Nf6 3. d3 Be7 4. Nc3 O-O 5. f4 Nc6 6. Nf3 d6 7. O-O Bg4 8. Qe1
Bxf3 9. gxf3 Qd7 10. f5 Na5 11. Bb5 c6 12. Ba4 b5 13. Bb3 Nxb3 14. axb3 a5 15.
Kh1 b4 16. Na4 Qd8 17. Rg1 Kh8 18. Qg3 Nh5 19. Qg4 g6 20. Bh6 Rg8 21. fxg6 fxg6
22. Raf1 Nf4 23. Rg3 Bh4 24. Bg5 Bxg5 25. Qxg5 Qxg5 0-1

[Event "Challenge"]
[Site "http://www.queenalice.com/game.php?id=1568678"]
[Date "2019.4.24"]
[Round "-"]
[White "MADMIKE"]
[Black "blackwolf"]
[Result "0-1"]
[WhiteElo "1861"]
[BlackElo "1851"]

1. d4 d5 2. Nc3 Nf6 3. Bf4 e6 4. a3 Bd6 5. Bg5 O-O 6. e4 Be7 7. exd5 exd5 8. Be2
Nc6 9. Nf3 Be6 10. O-O Nd7 11. Bxe7 Qxe7 12. h3 Nf6 13. Bd3 Qd7 14. Bb5 a6 15.
Ne5 Qe8 16. Bxc6 bxc6 17. f4 Bf5 18. b4 Ne4 19. Nxe4 Bxe4 20. c4 f6 21. Nd3 Qg6
22. Rf2 Qg3 23. Rd2 Bf5 24. cxd5 Bxh3 25. dxc6 Bg4 26. Qc1 Rae8 27. a4 Re2 28.
Rxe2 Bxe2 29. Ne1 Qg6 30. Qd2 Bc4 31. Nf3 Qg4 32. Rc1 Bd5 33. Qe2 h5 34. Nh2
Qxe2 0-1

[Event "Challenge"]
[Site "http://www.queenalice.com/game.php?id=1568679"]
[Date "2019.4.24"]
[Round "-"]
[White "blackwolf"]
[Black "MADMIKE"]
[Result "1-0"]
[WhiteElo "1867"]
[BlackElo "1858"]

1. d4 d5 2. c4 e6 3. Nf3 Nc6 4. Bf4 Bb4+ 5. Nc3 h6 6. e3 Nf6 7. a3 Bxc3+ 8. bxc3
Ne4 9. Qc2 O-O 10. Bd3 f5 11. O-O dxc4 12. Bxc4 a6 13. Nd2 b5 14. Bb3 a5 15.
Nxe4 fxe4 16. Qxe4 Bd7 17. Bxe6+ Kh8 18. Qg6 Ne7 19. Qe4 Bc6 20. Qc2 Nd5 21. Bg3
Qf6 22. Bg4 Ne7 23. Bxc7 Qg5 24. Bh3 a4 25. Bg3 Bd5 26. Qd1 Nf5 27. Qg4 Qxg4 28.
Bxg4 Ne7 29. Bd6 Ra7 30. Bc5 Rc7 31. Bxe7 Rxe7 32. Be2 Bc6 33. Rab1 Rf5 34. c4
Rg5 35. cxb5 Rxg2+ 36. Kh1 Be4 37. Rb2 Rxf2+ 38. Kg1 Rxf1+ 39. Kxf1 Rf7+ 40. Ke1
Bd5 41. b6 Re7 42. Kd2 Bb3 43. Bc4 Rb7 44. Bxb3 Rxb6 45. Kc3 axb3 46. Rxb3 Rf6
47. Kd3 Rf2 48. a4 Rxh2 49. Ra3 Rf2 50. a5 Rf8 51. a6 g5 52. a7 Ra8 53. d5 Kg7
54. e4 Kf6 55. Kd4 g4 56. e5+ Kf5 57. e6 h5 58. e7 h4 59. e8=Q Rxe8 60. a8=Q
Rxa8 61. Rxa8 h3 62. Rf8+ Kg5 63. d6 h2 64. Rg8+ Kf4 65. Rf8+ Kg3 66. Rh8 Kg2
67. d7 h1=Q 68. Rxh1 Kxh1 69. d8=Q g3 70. Qd5+ g2 71. Qf3 Kh2 72. Qh5+ Kg1 73.
Ke3 Kf1 74. Qh3 Kg1 75. Kf3 1-0

[Event "Challenge"]
[Site "http://www.queenalice.com/game.php?id=1569484"]
[Date "2019.5.1"]
[Round "-"]
[White "blackwolf"]
[Black "Excsiu"]
[Result "1-0"]
[WhiteElo "1883"]
[BlackElo "1817"]

1. d4 d5 2. c4 Nf6 3. Nf3 e6 4. Bg5 dxc4 5. Qa4+ Bd7 6. Qxc4 b5 7. Qc2 Bd6 8. e3
b4 9. Bc4 a5 10. O-O O-O 11. Nbd2 h6 12. Bxf6 Qxf6 13. Ne4 Qg6 14. Bb3 Nc6 15.
Nxd6 Ne7 16. Nxf7 Qxf7 17. Ne5 Qe8 18. Nxd7 Qxd7 19. Qe4 Ra6 20. Bc4 Rc6 21. Bb5
Qd5 22. Qxd5 exd5 23. Bxc6 Nxc6 24. Rac1 Rf6 25. Rc5 Rd6 26. Rfc1 Nd8 27. Rxc7
g5 28. Ra7 Nc6 29. Ra6 1-0

[Event "Challenge"]
[Site "http://www.queenalice.com/game.php?id=1570774"]
[Date "2019.5.13"]
[Round "-"]
[White "Ron39"]
[Black "blackwolf"]
[Result "1-0"]
[WhiteElo "2165"]
[BlackElo "1883"]

1. Nf3 Nf6 2. d4 d5 3. c4 e6 4. Nc3 Bb4 5. Bg5 Nbd7 6. e3 O-O 7. Qb3 Be7 8. Bd3
c5 9. Bxf6 Nxf6 10. O-O b6 11. Rac1 Ba6 12. Rfd1 dxc4 13. Bxc4 Bxc4 14. Qxc4 Qc8
15. d5 exd5 16. Nxd5 Nxd5 17. Rxd5 Qe6 18. Rcd1 Rad8 19. Qd3 Rxd5 20. Qxd5 Qxd5
21. Rxd5 Rd8 22. Rxd8+ Bxd8 23. Ne5 Bf6 24. Nc6 a5 25. b3 Kf8 26. Kf1 Ke8 27.
Ke2 Kd7 28. Na7 Ke6 29. Kd3 Be5 30. f4 Bc7 31. Nb5 Bd8 32. Ke4 f5+ 33. Kd3 Kd5
34. Nc3+ Kc6 35. a4 Bf6 36. Nb5 h6 37. e4 fxe4+ 38. Kxe4 g6 39. g4 Bh4 40. Ke5
Bd8 41. Ke6 Kb7 42. f5 gxf5 43. gxf5 Kc6 44. f6 Bxf6 45. Kxf6 Kd5 46. Kg6 c4 47.
bxc4+ Kxc4 48. Kxh6 Kb4 49. Kg5 Kxa4 50. Nc3+ Kb4 51. h4 1-0

[Event "Challenge"]
[Site "http://www.queenalice.com/game.php?id=1570775"]
[Date "2019.5.13"]
[Round "-"]
[White "blackwolf"]
[Black "Ron39"]
[Result "0-1"]
[WhiteElo "1883"]
[BlackElo "2120"]

1. d4 Nf6 2. c4 e5 3. e3 exd4 4. exd4 Bb4+ 5. Bd2 Qe7+ 6. Be2 O-O 7. Nf3 d5 8.
O-O Be6 9. Qb3 Nc6 10. Ne5 Nxd4 11. Qd1 Nxe2+ 12. Qxe2 Bxd2 13. Nxd2 dxc4 14.
Nexc4 Rfe8 15. Qf3 Bd5 16. Qb3 a6 17. Qc3 Ne4 18. Nxe4 Qxe4 19. Rfe1 Qxc4 20.
Qxc4 Bxc4 21. b3 Rxe1+ 22. Rxe1 Be6 23. Rd1 Kf8 24. f3 Ke7 25. Rd2 Rd8 26. Rxd8
Kxd8 27. f4 c5 28. g3 b5 29. Kf2 c4 30. bxc4 bxc4 31. Ke3 Kc7 32. a4 Kb6 33. Kd4
Ka5 34. f5 Bxf5 35. Kxc4 Kxa4 36. h4 Be6+ 37. Kc3 Kb5 38. Kb2 f5 39. Ka3 g6 40.
Kb2 h6 41. Ka3 g5 42. h5 f4 43. gxf4 gxf4 44. Kb2 f3 0-1

[Event "Challenge"]
[Site "http://www.queenalice.com/game.php?id=1585887"]
[Date "2019.10.7"]
[Round "-"]
[White "Excsiu"]
[Black "blackwolf"]
[Result "0-1"]
[WhiteElo "1769"]
[BlackElo "1873"]

1. c4 e5 2. d3 Nc6 3. Nf3 d6 4. e4 Nf6 5. Bg5 Be7 6. h3 O-O 7. Be2 Be6 8. O-O h6
9. Bxf6 Bxf6 10. Nc3 Nd4 11. Nxd4 exd4 12. Nb5 a6 13. Na3 c5 14. Rb1 Bg5 15. Qb3
Rb8 16. Qa4 Bd7 17. Qc2 Bf4 18. b4 Qg5 19. g4 Qh4 20. Kg2 h5 21. Rh1 Rbe8 22.
Rbg1 Re5 23. Kf1 Qf6 24. gxh5 Rg5 25. Bg4 Be3 26. Rg2 Bxg4 27. hxg4 Bf4 28. b5
Qd8 29. Nb1 Be5 0-1

[Event "Challenge"]
[Site "http://www.queenalice.com/game.php?id=1601338"]
[Date "2020.3.1"]
[Round "-"]
[White "blackwolf"]
[Black "Brizzio"]
[Result "0-1"]
[WhiteElo "1896"]
[BlackElo "1998"]

1. e4 c6 2. Nf3 d5 3. exd5 cxd5 4. d4 Bf5 5. Bd3 g6 6. Bxf5 gxf5 7. O-O Bg7 8.
Be3 e6 9. c3 Nf6 10. Nbd2 Nc6 11. b4 Ne4 0-1

[Event "Challenge"]
[Site "http://www.queenalice.com/game.php?id=1601339"]
[Date "2020.3.1"]
[Round "-"]
[White "Brizzio"]
[Black "blackwolf"]
[Result "1-0"]
[WhiteElo "2010"]
[BlackElo "1884"]

1. e4 e5 2. Nf3 Nf6 3. d4 d6 4. d5 Be7 5. Nc3 O-O 6. Bd3 Bg4 7. h3 Bh5 8. g4 Bg6
9. Be3 Nbd7 10. Qd2 Nb6 11. O-O-O Qd7 12. Rdg1 c6 13. Nh4 cxd5 14. exd5 Nbxd5
15. Nxg6 fxg6 16. Nxd5 Nxd5 17. h4 Nxe3 18. fxe3 Qe6 19. Bc4 Qxc4 20. h5 1-0